Calendario de fiestas mexicanas. (Record no. 10650)

MARC details
000 -CABECERA
campo de control de longitud fija 00886nam a2200265 a 4500
001 - NÚMERO DE CONTROL
campo de control BRL_1842
005 - FECHA Y HORA DE LA ÚLTIMA TRANSACCIÓN
campo de control 20190320211407.0
008 - DATOS DE LONGITUD FIJA--INFORMACIÓN GENERAL
campo de control de longitud fija 070815s1900----mx-o######---#000-0#spa-#
041 ## - CÓDIGO DE LENGUA
Código de lengua del texto/banda sonora o título independiente spa
044 ## - CÓDIGO DEL PAÍS DE LA ENTIDAD EDITORA/PRODUCTORA
Código MARC del país mx
050 #4 - SIGNATURA TOPOGRÁFICA DE LA BIBLIOTECA DEL CONGRESO
Número de clasificación GT4814
Número de documento/Ítem .C35 1900
110 2# - ENTRADA PRINCIPAL--NOMBRE DE ENTIDAD CORPORATIVA
Nombre de entidad corporativa o nombre de jurisdicción como elemento de entrada México
Unidad subordinada Departamento de Turismo
9 (RLIN) 27340
245 10 - MENCIÓN DE TÍTULO
Título Calendario de fiestas mexicanas.
Mención de responsabilidad, etc. texto Gutierre Tibón y Carletto Tibón.
260 ## - PUBLICACIÓN, DISTRIBUCIÓN, ETC.
Lugar de publicación, distribución, etc. México
Nombre del editor, distribuidor, etc. Departamento de Turismo del Gobierno de México
Fecha de publicación, distribución, etc. [19--]
300 ## - DESCRIPCIÓN FÍSICA
Extensión [195] p.
Otras características físicas il. (algunas a color), fotografías
Dimensiones 30 cm.
500 ## - NOTA GENERAL
Nota general Au1777
500 ## - NOTA GENERAL
Nota general Incluye índice alfabético de poblaciones y fechas
500 ## - NOTA GENERAL
Nota general Estado físico: Hojas desprendidas.
650 14 - PUNTO DE ACCESO ADICIONAL DE MATERIA--TÉRMINO DE MATERIA
Término de materia o nombre geográfico como elemento de entrada Festivales
Subdivisión geográfica México
9 (RLIN) 28024
650 14 - PUNTO DE ACCESO ADICIONAL DE MATERIA--TÉRMINO DE MATERIA
Término de materia o nombre geográfico como elemento de entrada Días festivos
Subdivisión geográfica México
9 (RLIN) 26586
700 1# - PUNTO DE ACCESO ADICIONAL--NOMBRE DE PERSONA
Nombre de persona Tibón, Gutierre
9 (RLIN) 22612
700 1# - PUNTO DE ACCESO ADICIONAL--NOMBRE DE PERSONA
Nombre de persona Tibón, Carletto
9 (RLIN) 28025
902 ## - CATALOGADOR
Iniciales GRL
942 ## - ELEMENTOS DE PUNTO DE ACCESO ADICIONAL (KOHA)
Fuente del sistema de clasificación o colocación Library of Congress Classification
Tipo de ítem Koha Libros
Holdings
Estado de retiro Estado de pérdida Estado dañado No para préstamo Localización permanente Ubicación/localización actual Fecha de adquisición Número de inventario Total de préstamos Signatura topográfica completa Código de barras Fecha visto por última vez Precio válido a partir de Tipo de ítem Koha
El ejemplar forma parte de la colección y puede ser consultado según las políticas vigentes.       Biblioteca Centro de Estudios Ruth D. Lechuga Biblioteca Centro de Estudios Ruth D. Lechuga 07/08/2015 Au1777   GT4814 .C35 1900 (Au1777) GRL02025 22/03/2019 22/03/2019 Libros